<?xml version="1.0" encoding="UTF-8"?>
<collection xmlns="http://www.loc.gov/MARC21/slim">
  <record>
    <leader>00000nam  2200000   4500</leader>
    <controlfield tag="001">$a INLIS000000000008558</controlfield>
    <controlfield tag="005">$a 20260702145217</controlfield>
    <controlfield tag="008">$a 260702################g##########0#ind##</controlfield>
    <datafield tag="022" ind1="#" ind2="#">
      <subfield code="a">978-602-0956-59-6</subfield>
    </datafield>
    <datafield tag="035" ind1="#" ind2="#">
      <subfield code="a">0010-0726000007</subfield>
    </datafield>
    <datafield tag="082" ind1="#" ind2="#">
      <subfield code="a">158.1</subfield>
    </datafield>
    <datafield tag="084" ind1="#" ind2="#">
      <subfield code="a">158.1 MAX t</subfield>
    </datafield>
    <datafield tag="100" ind1="1" ind2="#">
      <subfield code="a">Maxwell, John C.</subfield>
    </datafield>
    <datafield tag="245" ind1="#" ind2="#">
      <subfield code="a">Today matters</subfield>
      <subfield code="b">12 tindakan harian penjamin kesuksesan di masa depan</subfield>
      <subfield code="c">John C. Maxwell ; alih bahasa, Jimmy Simanungkalit ; editor, Darma Eka Saputra</subfield>
    </datafield>
    <datafield tag="247" ind1="#" ind2="#">
      <subfield code="a"/>
    </datafield>
    <datafield tag="260" ind1="#" ind2="#">
      <subfield code="a">Surabaya</subfield>
      <subfield code="b">MIC</subfield>
      <subfield code="c">2017</subfield>
    </datafield>
    <datafield tag="300" ind1="#" ind2="#">
      <subfield code="a">viii, 320 hlm</subfield>
      <subfield code="b"/>
      <subfield code="c">23 cm</subfield>
      <subfield code="e"/>
    </datafield>
    <datafield tag="310" ind1="#" ind2="#">
      <subfield code="a"/>
    </datafield>
    <datafield tag="321" ind1="#" ind2="#">
      <subfield code="a"/>
    </datafield>
    <datafield tag="520" ind1=" " ind2="#">
      <subfield code="a"/>
    </datafield>
    <datafield tag="650" ind1=" " ind2="#">
      <subfield code="a">motivasi</subfield>
    </datafield>
    <datafield tag="700" ind1=" " ind2="#">
      <subfield code="a">Darma Eka Saputra (editor)</subfield>
    </datafield>
    <datafield tag="700" ind1="2" ind2="#">
      <subfield code="a">Simanungkalit, Jimmy</subfield>
    </datafield>
    <datafield tag="856" ind1="#" ind2="#">
      <subfield code="a"/>
    </datafield>
    <controlfield tag="Wor">$a 1</controlfield>
  </record>
</collection>
